Rapid growth of selected Asian economies : (Record no. 15128)

000 -LEADER
fixed length control field 01513cam a2200265Ia 4500
020 ## - INTERNATIONAL STANDARD BOOK NUMBER
ISBN 9789251055076 (v. 1)
020 ## - INTERNATIONAL STANDARD BOOK NUMBER
ISBN 9251055076 (v. 1)
040 ## - CATALOGING SOURCE
Transcribing agency COD
082 ## - DEWEY DECIMAL CLASSIFICATION NUMBER
Classification number 338 REG 2006 A073 Or.
245 00 - TITLE STATEMENT
Title Rapid growth of selected Asian economies :
Remainder of title lessons and implications for agriculture and food security
260 ## - PUBLICATION, DISTRIBUTION, ETC. (IMPRINT)
Place of publication Bangkok :
Name of publisher Regional Office for Asia and the Pacific, Food and Agriculture Organization of the United Nations,
Year of publication 2006-
300 ## - PHYSICAL DESCRIPTION
Number of Pages 3 v. :
Other physical details charts ;
Dimensions 30 cm
490 1# - SERIES STATEMENT
Series statement RAP publication ;
520 ## - SUMMARY, ETC.
Summary, etc Discusses experiences in agricultural development and economic growth and the implications of rapid growth; provides insights on agricultural restructuring in response to changing market and trade opportunities. The intended audience is governments, policy professionals and development practitioners in crafting national policies and strategies for rapid and sustained agricultural growth to achieve the Millennium Development Goals of poverty and hunger eradication
650 #0 - SUBJECT ADDED ENTRY--TOPICAL TERM
Topical Term Rural development
650 #0 - SUBJECT ADDED ENTRY--TOPICAL TERM
Topical Term Food supply
650 #0 - SUBJECT ADDED ENTRY--TOPICAL TERM
Topical Term Agriculture and state
650 #0 - SUBJECT ADDED ENTRY--TOPICAL TERM
Topical Term Economic development
710 2# - ADDED ENTRY--CORPORATE NAME
Corporate name or jurisdiction name as entry element FAO Regional Office for Asia and the Pacific
710 2# - ADDED ENTRY--CORPORATE NAME
Corporate name or jurisdiction name as entry element Food and Agriculture Organization of the United Nations
856 41 - ELECTRONIC LOCATION AND ACCESS
Uniform Resource Identifier http://www.fao.org/docrep/009/ag088e/ag088e00.htm
856 41 - ELECTRONIC LOCATION AND ACCESS
Uniform Resource Identifier http://www.fao.org/docrep/009/ag089e/ag089e00.htm
856 41 - ELECTRONIC LOCATION AND ACCESS
Uniform Resource Identifier http://www.fao.org/world/regional/rap/publication_browse_detail.asp?divisionID=66
942 ## - ADDED ENTRY ELEMENTS (KOHA)
Koha item type សៀវភៅភាសាអង់គ្លេស
952 ## - LOCATION AND ITEM INFORMATION (KOHA)
Withdrawn status [LOCAL, KOHA] 0
Holdings
Permanent Location Date acquired Koha item type Lost status Shelving location Barcode Current Location Full call number
Library Block A2017-11-10សៀវភៅភាសាអង់គ្លេស A073RUA057200Library Block A338 REG 2006 A073 Or.
មជ្ឈមណ្ឌលឯការនៃសាកលវិទ្យាល័យភូមិន្ទកសិកម្មចំការដូង

Powered by Koha